ABC e numerais (Record no. 155280)

MARC details
000 -LÍDER
campo de controle de tamanho fixo 00373 a2200145 4500
001 - NÚMERO DE CONTROLE
campo de controle 155280
040 ## - FONTE DA CATALOGAÇÃO
Instituição que transcreveu o registro Escola São Tomás de Aquino
100 ## - ENTRADA PRINCIPAL--NOME PESSOAL
Nome pessoal BELINKY, Tatiana
240 10 - TÍTULO UNIFORME
Título uniforme ABC e numerais
Idioma da obra por
245 10 - TÍTULO
Título ABC e numerais
362 0# - DATAS DE PUBLICAÇÃO E/OU DESIGNAÇÃO SEQUENCIAL
Datas de publicação e/ou designação sequencial 2010
440 #1 - DECLARAÇÃO DE SÉRIE/ENTRADA ADICIONADA--TÍTULO
Título Cortez
697 ## - ENTRADA DE ASSUNTO LOCAL--ENTIDADE COLETIVA (RLIN)
Nome corporativo ou nome da jurisdição Sistemas de escrita (alfabeto, Braille, abreviaturas, pontuação, etc.)
942 ## - ELEMENTOS DE ENTRADA ADICIONADOS (KOHA)
Tipo de material Koha Livros
Holdings
Situação do descarte Situação das perdas Situação física Não pode ser emprestado Biblioteca de origem Biblioteca atual Data de aquisição Total de empréstimos Número de chamada completo Código de barras Data de último acesso Data do preço efetivo Tipo de material Koha
        ESTA - SÃO BENTO ESTA - SÃO BENTO 30/04/2024   411 BEL ABC EST00009361 30/04/2024 30/04/2024 Livros